000 00669cam a22002413a 4500
001 14066
003 PGUSA
005 20140828083313.0
008 041117s2004||||xxu|||||s|||||000 | eng d
040 _aPGUSA
_beng
042 _adc
050 4 _aTX
100 1 _aRose, Mary Swartz,
_d1874-1941
245 1 0 _aEveryday Foods in War Time
_h[electronic resource] /
_cMary Swartz Rose
260 _bProject Gutenberg,
_c2004
506 _aPublic domain in the USA.
516 _aElectronic text
653 _aFood conservation
653 _aCooking, American
830 0 _aProject Gutenberg
_v14066
856 4 0 _uhttp://www.gutenberg.org/ebooks/14066
942 _cEB
999 _c243321
_d243321